00233nam a2200085Ia 450000100070000000500170000700800410002424500580006526000240012385125420250826174452.0250824s9999 xx 000 0 und d 0aFERDİ VE ŞÜREKASIcHALİD ZİYA UŞAKLIGİL bÖZGÜR YAYINLARI